Kesha: Complete Discography - Statistics

General Stats
  • This quiz has been taken 226 times
    74 since last reset
  • The average score is 73 of 130
Answer Stats
Album Song % Correct
Animal Animal
100%
Cannibal Cannibal
100%
Cannibal We R Who We R
100%
Warrior Die Young
95%
Animal Take It Off
95%
Animal Tik Tok
95%
Warrior Warrior
95%
Cannibal Blow
90%
Features Timber
90%
Animal Backstabber
86%
Animal Blah Blah Blah
86%
Rainbow Praying
86%
Animal Your Love Is My Drug
86%
Warrior C'Mon
81%
Cannibal Grow A Pear
81%
High Road High Road
81%
. Joyride
81%
Rainbow Rainbow
81%
Cannibal Sleazy
81%
Rainbow Boots
76%
Animal Boots & Boys
76%
Warrior Crazy Kids
76%
Animal (Bonus) C U Next Tuesday
76%
Gag Order Eat The Acid
76%
Animal Kiss N Tell
76%
High Road My Own Dance
76%
Animal Blind
71%
. Cathedral
71%
Animal Dancing With Tears In My Eyes
71%
Animal Dinosaur
71%
Animal Hungover
71%
Gag Order Only Love Can Save Us Now
71%
Animal Party At A Rich Dude's House
71%
. Red Flag
71%
Features Right Round
71%
Cannibal The Harold Song
71%
Rainbow Woman
71%
. Yippee-Ki-Yay
71%
Rainbow Bastards
67%
. Boy Crazy
67%
Warrior Dirty Love
67%
Warrior (Bonus) Gold Trans Am
67%
High Road Raising Hell
67%
Animal Stephen
67%
Warrior Supernatural
67%
Warrior Thinking Of You
67%
Animal (Bonus) VIP
67%
High Road Cowboy Blues
62%
Cannibal Crazy Beautiful Life
62%
. Delusional
62%
Features Dirty Picture
62%
. Freedom
62%
High Road Kinky
62%
Rainbow Learn To Let Go
62%
. Love Forever
62%
Warrior (Bonus) Past Lives
62%
High Road Potato Song / Cuz I Want To
62%
High Road Resentment
62%
High Road Tonight
62%
Warrior Wherever You Are
62%
. (Bonus) Attention
57%
High Road BFF
57%
High Road Father Daughter Dance
57%
Rainbow Godzilla
57%
Gag Order Happy
57%
Rainbow Hymn
57%
Warrior (Bonus) Last Goodbye
57%
Warrior Love Into The Light
57%
Rainbow Old Flames / Can't Hold A Candle To You
57%
Warrior (Bonus) Out Alive
57%
Gag Order Peace & Quiet
57%
Singles Rich, White, Straight Men
57%
Rainbow Spaceship
57%
Gag Order The Drama
57%
. The One
57%
Gag Order All I Need Is You
52%
High Road Birthday Suit
52%
Rainbow Boogie Feet
52%
High Road Chasing Thunder
52%
Rainbow Finding You
52%
Gag Order Fine Line
52%
Animal + Cannibal Fuck Him He's A DJ
52%
. Glow
52%
Gag Order Hate Me Harder
52%
High Road Honey
52%
Rainbow Hunt You Down
52%
Rainbow Let 'Em Talk
52%
Features My First Kiss
52%
Gag Order Only Love Reprise
52%
Warrior Only Wanna Dance With You
52%
High Road Shadow
52%
Gag Order Something To Believe In
52%
Gag Order Too Far Gone
52%
. Too Hard
52%
. (Bonus) Trashman
52%
Warrior Wonderland
52%
Features Good Old Days
48%
Gag Order Living In My Head
48%
Gag Order Ram Dass Interlude
48%
High Road (Bonus) Summer
48%
Features True Colors
48%
Warrior All That Matters / The Beautiful Life
43%
Soundtracks Best Day
43%
Animal + Cannibal Butterscotch
43%
High Road Little Bit Of Love
43%
Rainbow (Bonus) Emotional
38%
Animal + Cannibal Shots On The Hood Of My Car
38%
Features Stronger
33%
High Road (Bonus) Big Bad Wolf
29%
Soundtracks Dear Me
29%
Singles Holiday Road
29%
Duets / Collaborations Since I Was Young
29%
Features Body Talks
24%
Animal (Bonus) Dirty Picture Pt. 2
24%
Duets / Collaborations Drop Dead
24%
Soundtracks Here Comes The Change
24%
Features 2012 / You Must Be Upgraded
19%
Features Chasing Rainbows
19%
Soundtracks Miami Nights
19%
Singles Nicolas Cage
19%
Duets / Collaborations Taste So Good / The CANN Song
19%
Features Girls
14%
Features Safe
14%
Duets / Collaborations Tennessee
14%
Features Touch Me
10%
Soundtracks Boombox
5%
Soundtracks Invisible
5%
Features They's A Person Of The World
5%
Features What Baby Wants
5%
Singles Nothing Without Your Love
0%
No matching quizzes found
Score Distribution
Percent of People with Each Score
Percentile by Number Answered
Your Score History
You have not taken this quiz since the last reset